000 00264nam a2200085Ia 4500
008 170620s9999 xx 000 0 und d
100 _aRao- Mandalapu Srinivas
245 0 _aAchievement Motivation and Achievement in Mathematics
260 _bNew Delhi- Discovery Publishing House
260 _c2004
999 _c24278
_d24278